000 01606cam a22004454i 4500
003 PE-LiUPU
005 20250731173000.0
008 150623s r 000 0 d
020 _a8425420024
035 _a(Sirsi) i9788425420023
040 _aPE-LiUPU
_bspa
_cPE-LiUPU
_erda
049 _aPRUA
082 0 4 _a220.92
_bCh81
_221
100 1 _aChouraqui, Nathan André,
_eautor.
245 1 0 _aMoisés: viaje a los confines de un misterio realizado y de una utopía realizable /
_cAndré Chouraqui ; traducción de Edison Simons.
264 1 _aBarcelona :
_bHerder,
_c1997.
300 _a404 páginas ;
_c21.5 centímetros
336 _atext
_2rdacontent
337 _aunmediated
_2rdamedia
338 _avolume
_2rdacarrier
505 0 _aLa noche de los ídolos. -Ser eslavo. -El nombre traicionado. -Mosheh en Israel y entre las naciones. -El retorno del repulso. -Una utopía realizable.
526 _aSEG42
526 _aSEG41
526 _aSEG40
526 _aSEG39
526 _aP94
526 _aP87
526 _aP86
526 _aP85
526 _aP77
526 _aP76
526 _aP35
600 1 _aMoisés (Personaje bíblico)
942 _2ddc
_cBOOK
949 _a220.92 CH81
_wDEWEY
_c1
_i45482
_lCCODEBUL1
_mBUL
_r0
_sY
_tBOOK
_u2015-6-24
_xTEOLOGIA
_PP35
_0COMPRA
_o.STAFF. Colección General
994 _aC0
_bPEPRU
596 _a1
999 _a220.92 CH81
_wDEWEY
_c22345
_i45482
_d22345
_e2019-5-26
_f2021-11-9
_g5
_lCCODEBUL1
_mBUL
_n2
_q1
_r0
_sY
_tBOOK
_u2015-6-24
_xTEOLOGIA
_PP35
_0COMPRA
_o.STAFF. Colección General
980 _81
_gALBERTO SANCHEZ Responsable de Automatización